Le catéchisme de Malines, avec des explications sur chaque demande, et de courtes pratiques à la fin de chaque leçon. Pour l'usage de son diocèse

Salvato in:
Dettagli Bibliografici
Autore principale: STERCKX [Engelbert] Son éminence le cardinal, archevêque de Malines
Natura: Sconosciuto
Lingua:francese
Pubblicazione: Malines Imprimerie de E. F. Van Velsen 1851
Catalogo:MANES:  Risultati della ricerca del catalogo della biblioteca
Libro di testo Classificazione:
Soggetti:
Tags: Aggiungi Tag
Nessun Tag, puoi essere il primo ad aggiungerne!!
Aggiunto a:2016-04-26

MARC

LEADER 000000000a22000000004500
001 25382
008 160427s be ||||| |||| 00| 0 fre d
040 |a manes  |c manes 
041 |a Francés 
100 1 |a STERCKX [Engelbert]  |b Son éminence le cardinal, archevêque de Malines 
245 0 0 |a Le catéchisme de Malines, avec des explications sur chaque demande, et de courtes pratiques à la fin de chaque leçon. Pour l'usage de son diocèse 
260 3 |a Malines  |b Imprimerie de E. F. Van Velsen  |c 1851 
300 |a 240 p. 
546 |a Bélgica 
650 7 |a Religión y Moral 
655 7 |a Primaria  |a Secundaria 
942 |2 ddc  |c BK 
999 |c 47710  |d 47710 
999 |c manes:47710  |d 47710